[Event "14th Chicago Open"]
[Site "Wheeling USA"]
[Date "2010.05.31"]
[Round "9"]
[White "Vojinovic,G"]
[Black "Espinoza Palomino,W"]
[Result "1-0"]
[WhiteElo "2447"]
[BlackElo "2286"]
[EventDate "2010.05.27"]

1. Nf3 Nf6 2. g3 e6 3. Bg2 b6 4. O-O Bb7 5. c4 Be7 6. b3 O-O 7. Bb2 d5 8.
e3 c5 9. Qe2 Nc6 10. Rd1 dxc4 11. bxc4 Rc8 12. Nc3 Qc7 13. Rac1 Rfd8 14.
Ne1 Qb8 15. f4 Ne8 16. g4 Nd6 17. d3 a6 18. Ba1 Na7 19. Qb2 f6 20. Qxb6
Bxg2 21. Qxb8 Rxb8 22. Kxg2 Nc6 23. Kf3 Nc8 24. Ke2 Nb6 25. Nf3 Kf7 26. h4
Rd7 27. Rb1 Rdb7 28. Rb2 Nd5 29. cxd5 Rxb2+ 30. Bxb2 Rxb2+ 31. Rd2 Rxd2+
32. Nxd2 exd5 33. Nxd5 Bd8 34. Nb3 Ke6 35. Nc3 Be7 36. Na4 Nb4 37. Naxc5+
Kd5 38. d4 Nxa2 39. Nxa6 g6 40. Nc7+ Kd6 41. Na6 f5 42. g5 Kd5 43. Nac5 Kc4
44. Nd2+ Kd5 45. Nd3 Nc3+ 46. Kf3 Bd6 47. Ne5 Be7 48. Nf1 Ne4 49. Ng3 Nxg3
50. Kxg3 Ke4 51. Kf2 Bb4 52. Ke2 1-0

[Event "14th Chicago Open"]
[Site "Wheeling USA"]
[Date "2010.05.31"]
[Round "9"]
[White "Kekelidze,M"]
[Black "Chow,A"]
[Result "1-0"]
[WhiteElo "2436"]
[BlackElo "2253"]
[EventDate "2010.05.27"]

1. d4 d5 2. c4 c6 3. Nc3 Nf6 4. Nf3 dxc4 5. a4 Bf5 6. Ne5 Nbd7 7. Nxc4 Qc7
8. Bg5 e5 9. e3 Ne4 10. Bd3 Nxc3 11. bxc3 e4 12. Bc2 Bg6 13. Qb1 Nb6 14.
Bf4 Qd8 15. Nxb6 Qxb6 16. Bxe4 Qxb1+ 17. Bxb1 O-O-O 18. Ke2 Bd6 19. Bxg6
hxg6 20. Bxd6 Rxd6 21. c4 Re8 22. Kd3 Kc7 23. Rab1 Re5 24. Kc3 Rg5 25. Rhg1
b6 26. g4 Ra5 27. Kb3 a6 28. g5 Rf5 29. f4 Re6 30. Rg3 b5 31. c5 Rd5 32.
Kc3 Rd8 33. Ra1 Kb7 34. Kd3 Rh8 35. h3 1-0

[Event "14th Chicago Open"]
[Site "Wheeling USA"]
[Date "2010.05.31"]
[Round "9"]
[White "Boor,C"]
[Black "Bercys,S"]
[Result "0-1"]
[WhiteElo "2308"]
[BlackElo "2427"]
[EventDate "2010.05.27"]

1. d4 d5 2. c4 e6 3. Nc3 Be7 4. Nf3 Nf6 5. Bg5 O-O 6. e3 Nbd7 7. Qc2 h6 8.
Bh4 b6 9. cxd5 exd5 10. Bd3 Bb7 11. O-O Re8 12. Rad1 Ne4 13. Nxd5 Ng5 14.
Nxe7+ Qxe7 15. Nxg5 hxg5 16. Bg3 c5 17. Bb5 a6 18. Be2 Rac8 19. d5 Nf6 20.
Qf5 Rcd8 21. Bf3 g4 22. d6 Qd7 23. Qxd7 Rxd7 24. Bxb7 Rxb7 25. Bh4 Nd7 26.
Be7 f6 27. Rd2 Kf7 28. Rc1 b5 29. Kf1 Rh8 30. Kg1 Ke6 31. f3 gxf3 32. gxf3
Ne5 33. Rf1 Rd7 34. b3 Nc6 35. Rg2 Nxe7 36. dxe7 Rxe7 37. Rc2 Rd7 38. Rff2
Rc8 39. Rc3 c4 40. bxc4 Rxc4 41. Rxc4 bxc4 42. Rb2 c3 43. Rc2 Rc7 44. Kf2
Kd5 0-1